000 00665nam a22002057a 4500
999 _c22640
_d22640
003 AR-CdUCM
008 190427b ||||| |||| 00| 0 spa d
020 _a9786124294341
040 _aMUNICIPALIDAD PROVINCIAL DEL CUSCO
_cBIBLIOTECA MUNICIPAL DEL CUSCO
082 _a869.57/I81A
_bI81A
100 _aIsla Jiménez, Julio
_948730
245 _aAracne, la tejedora :
_btragedia en cuatro actos /
_cJulio Isla Jiménez
260 _aLima :
_bAlastor Editores,
_c2021.
300 _a107 páginas:
_c21 cm.
440 _aLas dos vidas de Eleusis ;
_n2
_948731
650 _aTeatro peruano
_92697
650 _aSiglo XXI
_948732
942 _2ddc
_cLIBROS
945 _arac